[Event "TCh-CZE Liga 1 Zapad"]
[Site "Czech Rep CZE"]
[Date "2012.04.01"]
[Round "11.6"]
[White "Benes,Pe1"]
[Black "Kucera,P3"]
[Result "0-1"]
[WhiteElo "2089"]
[BlackElo "2158"]

1.c4 e5 2.g3 d6 3.Bg2 f5 4.Nc3 Nf6 5.d3 Be7 6.e4 c6 7.Nge2 O-O 8.h3 Qe8 9.Be3 Qg6
10.Rg1 Na6 11.Qd2 Be6 12.O-O-O fxe4 13.Nxe4 Nxe4 14.Bxe4 Qf7 15.Bg2 d5 16.d4 dxc4
17.dxe5 Nb4 18.Nc3 Nd3+ 19.Kb1 Nxe5 20.f4 Rfd8 21.Qf2 Nd3 22.Qf3 Bf6 23.f5 Bd5
24.Nxd5 Rxd5 25.Qe2 Rb5 26.b3 Qe7 27.Rxd3 cxd3 28.Qxd3 Qe5 29.Qc4+ Kh8  0-1

[Event "39th La Roda Open"]
[Site "La Roda ESP"]
[Date "2012.04.05"]
[Round "3"]
[White "Sande Edreira,J"]
[Black "Salgado Lopez,I"]
[Result "0-1"]
[WhiteElo "2343"]
[BlackElo "2621"]

1.g3 e5 2.c4 Nc6 3.Bg2 Bc5 4.Nc3 a6 5.e3 d6 6.Nge2 Ba7 7.O-O h5 8.b4 Nxb4
9.Qa4+ Nc6 10.Rb1 Ne7 11.d4 Kf8 12.Rd1 h4 13.c5 hxg3 14.Nxg3 exd4 15.exd4 Ng6
16.cxd6 cxd6 17.Nce4 Qh4 18.Rxb7 Bxb7 19.Nxd6 Nxd4  0-1

[Event "Semana Santa LAB Open"]
[Site "Bogota COL"]
[Date "2012.04.06"]
[Round "5"]
[White "Jimenez,JoseM"]
[Black "Palacio,P"]
[Result "1-0"]
[WhiteElo "2197"]
[BlackElo "1889"]

1.c4 e5 2.g3 Nf6 3.Bg2 d5 4.d3 Bb4+ 5.Nd2 c5 6.cxd5 Nxd5 7.Nf3 Nc6 8.O-O Bxd2
9.Bxd2 O-O 10.Rc1 b6 11.a3 a5 12.b4 axb4 13.axb4 Ncxb4 14.Nxe5 Re8 15.d4 cxd4
16.Bxb4 Nxb4 17.Bxa8 Ba6 18.Bf3 Rxe5 19.Qa4 Bxe2 20.Bxe2 Rxe2 21.Qxb4 h6
22.Qc4  1-0

[Event "VI New Open Lugano"]
[Site "Lugano SUI"]
[Date "2012.04.09"]
[Round "6.1"]
[White "Vucicevic,Mo"]
[Black "Hamdouchi,H"]
[Result "0-1"]
[WhiteElo "2299"]
[BlackElo "2617"]

1.c4 e5 2.g3 Nf6 3.Bg2 c6 4.d4 exd4 5.Qxd4 Na6 6.Nf3 Bc5 7.Qe5+ Be7 8.O-O O-O
9.Nc3 Re8 10.Qf4 Bb4 11.Rd1 Nc7 12.Qd4 d5 13.cxd5 Ncxd5 14.Nxd5 Qxd5 15.Bg5 Qxd4
16.Rxd4 Be7 17.e3 a5 18.Rdd1 h6 19.Bf4 a4 20.Bd6 Bxd6 21.Rxd6 a3 22.bxa3 Rxa3
23.Rd2 Ne4 24.Rb2 Kf8 25.Nd4 Nd6 26.Rc1 Ke7 27.e4 Kf8 28.f3 Ra4 29.Nb3 Nc4
30.Re2 b6 31.Bf1 Ba6 32.Rec2 Ne3 33.Rxc6 Nxf1 34.Rxb6 Rxa2 35.Rxa6 Rxa6 36.Rxf1 Rd8
37.Rf2 Rad6 38.Kg2 Rd1 39.Re2 Rb1  0-1

[Event "Campomanes Mem GM Open"]
[Site "Bandar Seri Begawan BRU"]
[Date "2012.04.10"]
[Round "6.6"]
[White "Dimakiling,O"]
[Black "Mas,H"]
[Result "1-0"]
[WhiteElo "2447"]
[BlackElo "2377"]

1.c4 e5 2.g3 Nc6 3.Bg2 d6 4.a3 Be6 5.d3 Qd7 6.Nc3 g6 7.b4 Bg7 8.Bb2 Nge7
9.e3 d5 10.cxd5 Nxd5 11.Ne4 O-O-O 12.Nc5 Qd6 13.Rc1 Kb8 14.b5 Nce7 15.Nf3 Bc8
16.O-O h6 17.Qb3 Rhf8 18.a4 b6 19.Na6+ Bxa6 20.bxa6 Rd7 21.e4 Nb4 22.d4 Nec6
23.Ba3 exd4 24.Rxc6 Qxc6 25.Bxb4 Re8 26.Nd2 Qe6 27.Qd3 Qa2 28.Qb5  1-0

[Event "IV ch-IberoAmerican GpD"]
[Site "Quito ECU"]
[Date "2012.04.15"]
[Round "2.3"]
[White "Matamoros Franco,C"]
[Black "Salgado Lopez,I"]
[Result "0-1"]
[WhiteElo "2548"]
[BlackElo "2621"]

1.c4 e5 2.g3 Nc6 3.Bg2 Bc5 4.Nc3 a6 5.d3 d6 6.Nf3 Ba7 7.a3 Nge7 8.e3 Bg4
9.h3 Be6 10.b3 O-O 11.O-O h6 12.d4 Bd7 13.Ra2 exd4 14.exd4 b5 15.cxb5 axb5
16.Nxb5 Nb4 17.axb4 Bxb5 18.Re1 Nd5 19.Bd2 c6 20.Ra5 Nf6 21.Nh4 Bxd4 22.Bxh6 Rxa5
23.Qxd4 Ra2 24.Bxg7 Kxg7 25.Nf5+ Kg6 26.Ne7+ Kg7 27.Nf5+ Kg6 28.Ne7+ Kg7
29.Re4 Rg8 30.Rg4+ Kf8 31.Qxf6  0-1

[Event "IV ch-IberoAmerican Final GpA"]
[Site "Quito ECU"]
[Date "2012.04.19"]
[Round "1.2"]
[White "Milos,G"]
[Black "Salgado Lopez,I"]
[Result "1/2-1/2"]
[WhiteElo "2593"]
[BlackElo "2621"]

1.c4 e5 2.g3 Nc6 3.Bg2 Bc5 4.Nc3 a6 5.Nf3 d6 6.d3 Ba7 7.O-O Nge7 8.Be3 Bxe3
9.fxe3 O-O 10.Qd2 f6 11.Rac1 Be6 12.e4 Qd7 13.Nd5 Bf7 14.Nh4 Nxd5 15.cxd5 Ne7
16.Nf5 Nxf5 17.exf5 Qb5 18.e3 Rfc8 19.d4 Qb6 20.Rc4 Re8 21.Rfc1 Rac8 22.Qb4 Qxb4
23.Rxb4 exd4 24.e4 d3 25.Rd4 c5 26.dxc6 Rxc6 27.Rxc6 bxc6 28.Rxd3 Bxa2 29.Rxd6 Rc8
30.b4 Bc4 31.Bf1 Bxf1 32.Kxf1 Rb8 33.Rxc6  1/2-1/2

[Event "IV ch-IberoAmerican Final GpA"]
[Site "Quito ECU"]
[Date "2012.04.20"]
[Round "3.3"]
[White "Leon Hoyos,M"]
[Black "Salgado Lopez,I"]
[Result "0-1"]
[WhiteElo "2569"]
[BlackElo "2621"]

1.c4 e5 2.g3 Nc6 3.Nc3 Bc5 4.Bg2 a6 5.e3 d6 6.Nge2 Ba7 7.b3 Nge7 8.Bb2 h5
9.h3 Bf5 10.d3 Qd7 11.Qd2 Rb8 12.f4 b5 13.O-O-O bxc4 14.bxc4 Nb4 15.e4 Be6
16.a3 Nbc6 17.f5 Bxc4 18.dxc4 Na5 19.Qd3 Qc6 20.Kc2 Nxc4 21.Bc1 Qc5 22.f6 gxf6
23.Qf3 f5 24.exf5 Qb6 25.Kd3 d5 26.Nxd5 Nxd5 27.Qxd5 Qb1+  0-1

[Event "7th Open d'Angers"]
[Site "Angers FRA"]
[Date "2012.04.22"]
[Round "5"]
[White "Aumont,Eric"]
[Black "Primel,D"]
[Result "0-1"]
[WhiteElo "1745"]
[BlackElo "1990"]

1.c4 e5 2.g3 Nf6 3.Bg2 h6 4.Nc3 Bb4 5.e3 Bxc3 6.dxc3 O-O 7.e4 d6 8.Qc2 Nc6
9.Nf3 Be6 10.b3 a5 11.a4 Nd7 12.Nh4 Nc5 13.Nf5 Qd7 14.Ne3 Bh3 15.O-O Bxg2
16.Kxg2 Rae8 17.Ba3 b6 18.Rad1 Qc8 19.f3 h5 20.Bc1 Re6 21.Nd5 Rfe8 22.h3 Rg6
23.Kh2 Rge6 24.Ne3 g6 25.Nd5 Kg7 26.g4 Rh8 27.Kg2 f6 28.Kf2 hxg4 29.fxg4 Rxh3
30.Ke1 Qh8 31.Rd2 Qh4+ 32.Rdf2 Nd3+ 33.Ke2 Nxf2 34.Rxf2 Qxg4+ 35.Ke1 Rh1+
36.Kd2 Qg1 37.Re2 Re8 38.Ne3 Reh8 39.Bb2 R8h2 40.Kd3 Rxe2 41.Qxe2 Qb1+ 42.Qc2 Qxc2+
43.Nxc2 Rb1 44.Ba3 Rxb3 45.Bc1 Rb1 46.Be3 Ne7 47.Na3 Rd1+ 48.Ke2 Ra1 49.Nb5 Rxa4
50.Kd3 Nc8 51.Nxc7 Ra2 52.Nd5 Kf7 53.Nxb6 Nxb6 54.Bxb6 Ke6 55.c5 dxc5 56.Bxc5 f5
57.Be3 Ra4 58.exf5+ gxf5 59.c4 Ra3+  0-1

[Event "Grand Congress Open"]
[Site "Bournemouth ENG"]
[Date "2012.04.22"]
[Round "4.8"]
[White "Jenks,C"]
[Black "Brown,Mart"]
[Result "1/2-1/2"]
[WhiteElo "2157"]
[BlackElo "2183"]

1.c4 e5 2.g3 Nf6 3.Bg2 d5 4.cxd5 Nxd5 5.Nc3 Nb6 6.Nf3 Nc6 7.O-O Be7 8.d4 exd4
9.Nb5 Bf6 10.e3 d3 11.Ne1 Be6 12.Nxd3 Bc4 13.Nd4 Nxd4 14.exd4 O-O 15.Be3 Bxd4
16.Re1 c6 17.Nc5 Bxc5 18.Bxc5 Re8 19.b3 Bd5 20.Rxe8+ Qxe8 21.Bxb6 Bxg2 22.Kxg2 axb6
23.Qd4 b5 24.a4 bxa4 25.bxa4 Qd8 26.Qg4 Qd5+ 27.Kg1 h5 28.Qe2 Rd8 29.h4 c5
30.Rb1 c4 31.Rb5 Qc6 32.Rxh5 c3 33.Qc2 g6 34.Re5 Qf3 35.Re2 Qd3 36.Re8+ Kg7
37.Qxd3 Rxd3 38.Rc8 Kf6 39.Kf1 Ke6 40.Ke2 Rd2+ 41.Ke3 Ra2 42.Rxc3 Rxa4 43.Rb3 Ra7
44.g4 Kd5 45.h5 gxh5 46.gxh5 Ke6 47.h6 Kf6 48.Rb6+ Kg5 49.f4+ Kf5 50.h7 Ra3+
51.Kf2 Rh3 52.Rxb7 Rxh7 53.Kg3 Ke4 54.Rb4+ Kf5 55.Rb5+  1/2-1/2

[Event "TCh-CZE Extraliga 2011-12"]
[Site "Czech Republic CZE"]
[Date "2012.04.22"]
[Round "11.2"]
[White "Kanovsky,D"]
[Black "Rosko,L"]
[Result "1-0"]
[WhiteElo "2462"]
[BlackElo "2322"]

1.c4 e5 2.g3 Nc6 3.Bg2 Nf6 4.Nc3 Bb4 5.Nd5 a5 6.e3 Nxd5 7.cxd5 Ne7 8.a3 Bc5
9.Ne2 d6 10.O-O Bg4 11.f3 Bd7 12.f4 exf4 13.Nxf4 Ng6 14.b3 Nxf4 15.Rxf4 O-O
16.Bb2 Qg5 17.Qc2 Rae8 18.Raf1 f6 19.Be4 h6 20.Bf5 Bxf5 21.Rxf5 Qg4 22.R5f4 Qg5
23.Qc4 Kh8 24.Rf5 Qg6 25.Kg2 Re7 26.R1f4 Kh7 27.Qf1 Rfe8 28.h4 Re5 29.Bxe5 dxe5
30.Rc4 Bxa3 31.Rxc7 Re7 32.Rxe7 Bxe7 33.Qd3 Kh8 34.e4 Bd6 35.h5 Qe8 36.Qc4 Kh7
37.g4 Qd8 38.Rf1 Bb4 39.Rc1 Qd7 40.Qc8 Qb5 41.Rc4  1-0

[Event "TCh-HUN 2011-12"]
[Site "Nagykanizsa HUN"]
[Date "2012.04.22"]
[Round "9"]
[White "Kaposztas,M"]
[Black "Farago,I"]
[Result "0-1"]
[WhiteElo "2187"]
[BlackElo "2488"]

1.c4 e5 2.g3 Nf6 3.Qa4 Bc5 4.Bg2 O-O 5.Nc3 c6 6.Qb3 d5 7.cxd5 cxd5 8.Nxd5 Nc6
9.Qc4 Bd4 10.Nxf6+ Qxf6 11.Nf3 Be6 12.Qa4 b5 13.Qd1 Rac8 14.O-O Nb4 15.Ne1 Nxa2
16.e3 Bb6 17.d3 Nxc1 18.Rxc1 Bb3 19.Qd2 Ba5 20.Qxa5 Rxc1 21.Qxb5 Be6 22.Nf3 Rfc8
23.Nd2 Rxf1+ 24.Bxf1 Bf5 25.e4 Be6 26.Qb7 Rc2 27.Qxa7 g6 28.Qe3 Rxb2 29.h4 Kg7
30.Be2 Qd8 31.Nf3 Bg4 32.Kg2 h5 33.Bf1 Qc8 34.Ng1 Qc2 35.Nf3 Bxf3+ 36.Qxf3 Qd2
37.Kg1 Rb1 38.Kg2 Re1 39.Kg1 Qc1 40.Qg2 Qd1 41.f4 Qxd3 42.fxe5 Qxe4  0-1

[Event "TCh-NED Meesterklasse 2011-12"]
[Site "Netherlands NED"]
[Date "2012.04.22"]
[Round "9.9"]
[White "Van Pelt,A"]
[Black "Bus,T"]
[Result "1/2-1/2"]
[WhiteElo "2070"]
[BlackElo "2186"]

1.c4 e5 2.g3 Nc6 3.Bg2 f5 4.Nc3 Nf6 5.e3 Bb4 6.Nh3 Bxc3 7.bxc3 O-O 8.O-O d6
9.d4 Qe8 10.c5 Qg6  1/2-1/2

[Event "IV ch-IberoAmerican Final GpD"]
[Site "Quito ECU"]
[Date "2012.04.22"]
[Round "5.2"]
[White "Latorre,Mat"]
[Black "Felgaer,R"]
[Result "0-1"]
[WhiteElo "2252"]
[BlackElo "2564"]

1.c4 e5 2.g3 Nf6 3.Bg2 d5 4.cxd5 Nxd5 5.Nc3 Nb6 6.Nf3 Nc6 7.O-O Be7 8.a3 O-O
9.b4 Be6 10.Rb1 f6 11.d3 Nd4 12.Ne1 Nd5 13.Bb2 a5 14.b5 a4 15.e3 Nxc3 16.Bxc3 Bb3
17.Qd2 Nxb5 18.Bxb7 Rb8 19.Bc6 Nxa3 20.Rc1 Qd6 21.Bg2 c5 22.Qe2 c4 23.f4 cxd3
24.Nxd3 exf4 25.Rxf4 Rfe8 26.Be4 Bf8 27.Rcf1 Rxe4 28.Rxe4 Qc6 29.Rb4 Bxb4
30.Bxb4 Qc2 31.Qxc2 Nxc2 32.Bc5 Bc4 33.Rd1 Rd8 34.Nb2 Rxd1+ 35.Nxd1 a3 36.Nc3 a2
37.Nxa2 Bxa2 38.Kf2 Bd5 39.Ke2 Be4 40.h4 Na1 41.g4 Nb3 42.Ba3 Na5 43.Kf2 Nc4
44.Bc5 Kf7 45.Kg3 g5 46.Bd4 Bb7 47.Bc5 Nd2 48.Bb6 Ne4+ 49.Kf3 Bc8  0-1

[Event "Russian Juniors 2012"]
[Site "Sochi RUS"]
[Date "2012.04.23"]
[Round "6"]
[White "Fedoseev,Vl3"]
[Black "Predke,A"]
[Result "0-1"]
[WhiteElo "2548"]
[BlackElo "2461"]

1.c4 e5 2.g3 Nf6 3.Bg2 d5 4.cxd5 Nxd5 5.Nc3 Nb6 6.e3 Nc6 7.Nge2 Be6 8.f4 f6
9.O-O Qd7 10.a4 a6 11.a5 Nd5 12.d4 O-O-O 13.Nxd5 Bxd5 14.Bxd5 Qxd5 15.Nc3 Qc4
16.d5 Nb4 17.e4 Bc5+ 18.Kg2 exf4 19.Bxf4 Rhe8 20.Kh3 Rd7 21.Ra4 h5 22.Bd2 g5
23.Rxf6 g4+ 24.Kg2 Rxe4 25.h3 Rxd5 26.hxg4 hxg4 27.Rf4 Rxf4 28.gxf4 Rd7 29.Qxg4 Qd4
30.Qg8+ Rd8 31.Qe6+ Kb8 32.Be3 Qg7+ 33.Kf3 Rd3 34.Qe8+ Ka7 35.Rxb4 Rxe3+
36.Qxe3 Bxe3 37.Kxe3 Qe7+ 38.Re4 Qc5+ 39.Kf3 Qxa5 40.Re2 Qh5+ 41.Ke4 b5 42.Rf2 b4
43.Ne2 Qe8+ 44.Kf3 Qc6+ 45.Kg3 Qf6 46.Ng1 a5 47.Nf3 Qg6+ 48.Kh3 a4 49.Nh4 Qf6
50.f5 a3 51.bxa3 b3  0-1

[Event "3rd LUC Open"]
[Site "Lille FRA"]
[Date "2012.04.25"]
[Round "4.31"]
[White "Nouali,Djouher"]
[Black "Mousain,A"]
[Result "0-1"]
[WhiteElo "1741"]
[BlackElo "1945"]

1.c4 e5 2.g3 d6 3.Bg2 f5 4.d4 e4 5.Nh3 Nf6 6.Nc3 g6 7.Nf4 Bg7 8.Qb3 O-O 9.c5+ Kh8
10.Ne6 Bxe6 11.Qxe6 d5 12.Bg5 c6 13.g4 Re8 14.Bxf6 Bxf6 15.Qf7 Nd7 16.Nxd5 cxd5
17.Qxd5 fxg4 18.e3 Qa5+ 19.Kd1 Rad8 20.Qxb7 Nxc5 21.Qf7 Bg7 22.Ke2 Qb5+ 23.Kd1 Qxb2
24.Rc1 Bxd4 25.Qxe8+ Rxe8 26.exd4 Qxd4+  0-1

[Event "Historical Melaka Op"]
[Site "Melaka MAS"]
[Date "2012.04.26"]
[Round "6"]
[White "Romero Holmes,A"]
[Black "Horvath,Ad1"]
[Result "1-0"]
[WhiteElo "2501"]
[BlackElo "2487"]

1.c4 e5 2.g3 Nf6 3.Bg2 d5 4.cxd5 Nxd5 5.Nc3 Nb6 6.Nf3 Nc6 7.O-O Be7 8.b3 O-O
9.Bb2 f5 10.d3 Be6 11.Rc1 Qd7 12.Nd2 Bf6 13.Bxc6 bxc6 14.Qc2 Qf7 15.Na4 Nxa4
16.bxa4 Bxa2 17.Qxc6 Rab8 18.Ba1 Qh5 19.Rc2 Bf7 20.f3 Qh6 21.Nc4 Rbc8 22.e4 Qg6
23.Qc5 fxe4 24.dxe4 Qg5 25.Qe3 Qg6 26.Qxa7 Ra8 27.Qf2 Rxa4 28.Nxe5 Qh5 29.g4 Qh3
30.Bb2 Bxe5 31.Bxe5 h5 32.g5 Bc4 33.Rfc1 Rxf3 34.Qg2 Bd3 35.Qxh3 Rxh3 36.Rxc7  1-0

[Event "3rd LUC Open"]
[Site "Lille FRA"]
[Date "2012.04.27"]
[Round "7.5"]
[White "Maze,S"]
[Black "Gozzoli,Y"]
[Result "1-0"]
[WhiteElo "2577"]
[BlackElo "2549"]

1.c4 e5 2.g3 Nf6 3.Bg2 c6 4.Nf3 e4 5.Nd4 d5 6.cxd5 cxd5 7.d3 Bc5 8.Nb3 Bb4+
9.Bd2 Be7 10.dxe4 Nxe4 11.Nc3 Bf5 12.Nd4 Bg6 13.Qa4+ Nd7 14.Nxe4 dxe4 15.Bh3 a6
16.Nf5  1-0

[Event "Norsk Sjakkfestival"]
[Site "Fagernes NOR"]
[Date "2012.04.29"]
[Round "2"]
[White "Vaarala,E"]
[Black "Narciso Dublan,M"]
[Result "0-1"]
[WhiteElo "2241"]
[BlackElo "2534"]

1.c4 e5 2.g3 d6 3.Bg2 f5 4.Nc3 Nf6 5.d4 Be7 6.Nf3 e4 7.Nd2 c5 8.Nb3 O-O 9.Bg5 Be6
10.d5 Bf7 11.Bh3 Bg6 12.f3 Nbd7 13.O-O Nb6 14.fxe4 Nxe4 15.Nxe4 Bxg5 16.Nxg5 Qxg5
17.Rf4 Rae8 18.Qd2 Re5 19.Raf1 Qe7 20.Nc1 Re8 21.Qc2 Nd7 22.Bxf5 Rxf5 23.Rxf5 Qe3+
24.Kg2 Nf6 25.Qd3 Ng4 26.Kh3 Qxd3 27.exd3 Bxf5 28.Rxf5 g6 29.Rf1 h5 30.a3 a5
31.Kh4 Kg7 32.Kh3 g5 33.Rg1 Ne3 34.g4 hxg4+ 35.Kg3 Rf8 36.h4 Rf3+  0-1

[Event "Ostravsky Konik A"]
[Site "Ostrava CZE"]
[Date "2012.04.29"]
[Round "2.23"]
[White "Snajdr,T"]
[Black "Snyta,Z"]
[Result "0-1"]
[WhiteElo "1968"]
[BlackElo "2098"]

1.c4 e5 2.g3 f5 3.Bg2 Nf6 4.Nc3 Nc6 5.d3 Be7 6.Nf3 O-O 7.O-O d6 8.Rb1 a5
9.a3 Kh8 10.b4 axb4 11.axb4 Be6 12.b5 Nd4 13.Ng5 Bc8 14.e3 Ng4 15.Nxh7 Kxh7
16.exd4 Bg5 17.h3 Bxc1 18.Rxc1 Nh6 19.Kh2 Ra3 20.Re1 f4 21.Ne4 exd4 22.Qe2 Bf5
23.Qh5 fxg3+ 24.fxg3 g6 25.Ng5+ Kg7 26.Qh4 Rxd3 27.g4 Nxg4+ 28.Kg1 Rh8 29.Ne6+ Bxe6
30.Qxd8 Rxd8 31.Rxe6 Re3 32.Rxe3 Nxe3 33.Bxb7 Rf8 34.Be4 Rf4 35.Bb1 Kf6 36.Kh2 g5
37.Kg3 Nf5+ 38.Bxf5 Kxf5 39.c5 d3 40.cxd6 cxd6 41.b6 Rb4 42.Kf3 Rxb6 43.Rc3 d2
44.Rd3 Rb3  0-1

[Event "TCh-SUI National A 2012"]
[Site "Switzerland SUI"]
[Date "2012.04.29"]
[Round "3.7"]
[White "Camponovo,D"]
[Black "Rusev,A"]
[Result "0-1"]
[WhiteElo "1948"]
[BlackElo "2258"]

1.c4 e5 2.g3 Nc6 3.Bg2 f5 4.Nc3 Nf6 5.e3 g6 6.a3 Bg7 7.d3 d6 8.Nge2 Ne7 9.O-O c6
10.e4 Be6 11.h3 fxe4 12.d4 Bxc4 13.dxe5 dxe5 14.Qa4 b5 15.Qb4 Nfd5 16.Qc5 Nxc3
17.Nxc3 Qd4 18.Be3 Qxc5 19.Bxc5 Bxf1 20.Kxf1 Nf5 21.Bxe4 Kd7 22.a4 a6 23.Bg2 Nd4
24.Ne4 Rhb8 25.a5 Bf8 26.Bb6 Kc8 27.h4 Rxb6 28.axb6 Kb7 29.Nf6 Kxb6 30.Nxh7 Bc5
31.Nf6 Rd8 32.Rc1 Be7 33.Ng4 Bd6 34.Be4 Rg8 35.Nf6 Rg7 36.Ne8 Rd7 37.Bxg6 Be7
38.h5 Bg5 39.Re1 Nf3 40.Re2 Nd2+ 41.Kg2 a5 42.Rxe5 Bh6 43.g4 Nc4 44.Re6 Bf4
45.h6 Bxh6 46.Be4 Bf4 47.Rxc6+ Ka7 48.Rc5 Re7 49.Bg6 Kb6 50.Rf5 Be5 51.b3 a4
52.bxc4 a3 53.c5+ Kxc5 54.Bf7 Rxf7 55.Rxe5+ Kc6 56.Re3 b4 57.Re1 a2 58.g5 b3
59.g6 Rf8 60.g7 Rg8 61.Rc1+ Kb5 62.Nd6+ Kb4 63.Rc4+ Ka5 64.Rc7 Kb6 65.Rb7+ Kc5
66.Rxb3 a1=Q 67.Nf5 Qe5 68.Rf3 Kd5 69.Re3 Ke6 70.Rf3 Kf6 71.Re3 Kxf5 72.Rf3+ Kg6
73.Rg3+ Kf7  0-1

[Event "Nakhchivan Open 2012"]
[Site "Nakhchivan AZE"]
[Date "2012.04.30"]
[Round "3.8"]
[White "Mamedov,Rau"]
[Black "Abdulov,Or"]
[Result "1-0"]
[WhiteElo "2624"]
[BlackElo "2387"]

1.c4 e5 2.g3 Nc6 3.Bg2 g6 4.Nc3 Bg7 5.d3 Nge7 6.h4 h5 7.Rb1 a5 8.a3 d6 9.b4 axb4
10.axb4 O-O 11.Nf3 d5 12.cxd5 Nxd5 13.Nxd5 Qxd5 14.O-O Qb5 15.Be3 e4 16.dxe4 Rd8
17.Qc2 Be6 18.Qc5 Bc4 19.Qxb5 Bxb5 20.Rfc1 Bf8 21.e5 Ra4 22.e6 Rxb4 23.exf7+ Kh8
24.Rxb4 Bxb4 25.Ng5 Bxe2 26.Ne6 Rc8 27.Bc5  1-0

[Event "Ostravsky Konik A"]
[Site "Ostrava CZE"]
[Date "2012.05.02"]
[Round "5.21"]
[White "Snajdr,T"]
[Black "Vesely,Ma"]
[Result "0-1"]
[WhiteElo "1968"]
[BlackElo "2196"]

1.c4 e5 2.g3 f5 3.d3 Nf6 4.Bg2 c6 5.Nf3 d6 6.Nc3 Be7 7.Rb1 O-O 8.O-O a5 9.a3 Na6
10.b4 axb4 11.axb4 Nc7 12.b5 Bd7 13.Qb3 Kh8 14.Bb2 Ne6 15.Ra1 f4 16.Rxa8 Qxa8
17.Ba3 fxg3 18.hxg3 Ng4 19.Ne4 c5 20.Bc1 h6 21.Qa3 Qe8 22.Qa7 Qh5 23.Rd1 Bc8
24.Qb6 Nd4 25.Rd2 Rxf3 26.exf3 Nh2 27.Qc7 Nhxf3+ 28.Kf1 Bh3  0-1

[Event "Norsk Sjakkfestival"]
[Site "Fagernes NOR"]
[Date "2012.05.03"]
[Round "7"]
[White "Miezis,N"]
[Black "Rausis,I"]
[Result "1/2-1/2"]
[WhiteElo "2557"]
[BlackElo "2481"]

1.c4 e5 2.g3 c6 3.d4 Bb4+ 4.Bd2 Bxd2+ 5.Qxd2 d6 6.Nc3 Nf6 7.dxe5 dxe5 8.Qxd8+ Kxd8
9.Bh3 Nbd7 10.O-O-O Kc7 11.Nf3 Re8 12.Ng5 Re7 13.Bg2 Nc5 14.Nge4 Nfxe4 15.Nxe4 Nxe4
16.Bxe4 Be6 17.b3 h6 18.Kc2 Rd8 19.Rxd8 Kxd8 20.Rd1+ Rd7 21.Rxd7+ Kxd7  1/2-1/2

[Event "Ostravsky Konik A"]
[Site "Ostrava CZE"]
[Date "2012.05.04"]
[Round "7.5"]
[White "Dolezal,Ra1"]
[Black "Lys,J"]
[Result "1-0"]
[WhiteElo "2384"]
[BlackElo "2191"]

1.g3 e5 2.c4 d5 3.cxd5 Qxd5 4.Nf3 Nf6 5.Nc3 Qa5 6.Bg2 Be7 7.O-O O-O 8.d3 c6
9.Bd2 Qc7 10.Qc2 Bf5 11.b4 Nbd7 12.Qb2 Qd6 13.a3 Rac8 14.Rfc1 h6 15.Nd1 Bh7
16.Bh3 Rcd8 17.Nh4 Nd5 18.Nf5 Qf6 19.Nxe7+ Qxe7 20.Ne3 N7f6 21.Nf5 Bxf5 22.Bxf5 e4
23.dxe4 Nxe4 24.Be1 Rfe8 25.Rc2 Qg5 26.Bxe4 Rxe4 27.b5 Rde8 28.bxc6 bxc6
29.e3 f5 30.Bd2 Qg6 31.Rac1 R4e6 32.Qb7 R8e7 33.Qa8+ Re8 34.Qxa7 Nf6 35.Rxc6 Ne4
36.Rxe6 Qxe6 37.Bc3 Re7 38.Qb8+ Kh7 39.Bd4 Qd5 40.Qb4 Rb7 41.Qc4  1-0

[Event "30th Liechtenstein Open 2012"]
[Site "Triesen LIE"]
[Date "2012.05.12"]
[Round "2.10"]
[White "Cebalo,M"]
[Black "Benes,Pe1"]
[Result "1-0"]
[WhiteElo "2437"]
[BlackElo "2105"]

1.c4 e5 2.g3 Nf6 3.Bg2 Nc6 4.Nc3 Bb4 5.Nd5 Bc5 6.d3 h6 7.Nf3 O-O 8.O-O Re8
9.a3 a5 10.b3 d6 11.Bb2 Bg4 12.Rc1 Nh7 13.Qd2 Bxf3 14.Bxf3 Nd4 15.Bxd4 Bxd4
16.e3 Ba7 17.b4 c6 18.Nc3 Ng5 19.Bg2 Qd7 20.h4 Ne6 21.Rb1 f5 22.bxa5 Qf7
23.a6 Nd8 24.axb7 Rb8 25.Na4 Qc7 26.d4 Nxb7 27.c5 exd4 28.exd4 d5 29.Nb6 Bxb6
30.Rxb6 Ra8 31.Re1 Rxe1+ 32.Qxe1 Kf7 33.Qb1 Na5 34.Qxf5+ Ke8 35.Bxd5  1-0

[Event "30th Liechtenstein Open 2012"]
[Site "Triesen LIE"]
[Date "2012.05.12"]
[Round "2.15"]
[White "Laske,E"]
[Black "Dittmar,P"]
[Result "1/2-1/2"]
[WhiteElo "2051"]
[BlackElo "2297"]

1.c4 e5 2.g3 Nc6 3.Bg2 Nf6 4.Nf3 Bc5 5.O-O d6 6.a3 a6 7.b4 Ba7 8.Bb2 O-O
9.e3 Bg4 10.h3 Bh5 11.d3 e4 12.dxe4 Nxe4 13.Qc2 Re8 14.Nc3 Nxf2 15.Rxf2 Bxe3
16.Nd5 Bg6 17.Qc3 Bxf2+ 18.Kxf2 Ne5 19.Rd1 f6 20.Nf4 Bf7 21.Nxe5 fxe5 22.Bxb7 Qg5
23.h4 Qh6 24.Bxa8 exf4 25.Bd5 Bxd5 26.Rxd5 Re3 27.Rd3 fxg3+ 28.Kg1 Rxd3 29.Qxd3 Qxh4
30.Qd5+ Kf8 31.Bd4 Qh2+ 32.Kf1 Qh3+ 33.Kg1  1/2-1/2

[Event "Tschaturanga Open"]
[Site "Vienna AUT"]
[Date "2012.05.12"]
[Round "6.10"]
[White "Schieder,J"]
[Black "Birg,Jovan"]
[Result "1-0"]
[WhiteElo "2069"]
[BlackElo "1959"]

1.c4 e5 2.g3 Nc6 3.Bg2 Bc5 4.e3 d6 5.Ne2 Bg4 6.O-O Qd7 7.Re1 Nge7 8.Nbc3 O-O
9.a3 a5 10.Qb3 Kh8 11.Nd5 Nxd5 12.cxd5 Ne7 13.d4 exd4 14.Nxd4 Bb6 15.Qc4 Ng6
16.f4 Rfe8 17.Bd2 Re7 18.b4 axb4 19.axb4 Rae8 20.Ra3 Bh3 21.Bf3 Bg4 22.Bh1 Bh3
23.Kf2 Bf5 24.Nxf5 Qxf5 25.Bf3 h6 26.Kg2 Qd7 27.Qd3 Kg8 28.Re2 Kh8 29.h3 c6
30.dxc6 bxc6 31.e4 Rb8 32.Bc3 Bc7 33.Bg4 Qe8 34.Ra7 Nf8 35.Qd2 f6 36.Bf3 Rd8
37.Qb2 Rb8 38.Qa1 Bb6 39.Rxe7 Qxe7 40.e5 dxe5 41.fxe5 f5 42.e6 Qg5 43.e7 f4
44.g4 Ng6 45.e8=Q+ Rxe8 46.Rxe8+ Kh7 47.Be1 Be3 48.Qb1 h5 49.h4  1-0

[Event "TUR-ALG Friendship w 2012"]
[Site "Ankara TUR"]
[Date "2012.05.13"]
[Round "2"]
[White "Nouali,Djouher"]
[Black "Ozturk,H"]
[Result "1-0"]
[WhiteElo "1756"]
[BlackElo "1830"]

1.c4 e5 2.g3 Nc6 3.Bg2 g6 4.Nf3 d6 5.d3 f5 6.Nc3 Bg7 7.Qb3 Nf6 8.Bd2 Bd7
9.Nd5 Rb8 10.Bg5 Be6 11.Nxf6+ Bxf6 12.Bxf6 Qxf6 13.Nd2 O-O 14.Qc3 Qf7 15.h4 d5
16.Nf3 d4 17.Qd2 Qg7 18.Ng5 Bd7 19.h5 h6 20.Bd5+ Kh8 21.hxg6 Nd8 22.Nh7 Re8
23.Rxh6 f4 24.Rh1  1-0

[Event "ch-CZE 2012"]
[Site "Kouty nad Desnou CZE"]
[Date "2012.05.13"]
[Round "2"]
[White "Talla,V"]
[Black "Cvek,R"]
[Result "1/2-1/2"]
[WhiteElo "2382"]
[BlackElo "2563"]

1.c4 e5 2.g3 Nf6 3.Bg2 h6 4.a3 c6 5.d4 exd4 6.Qxd4 d5 7.cxd5 cxd5 8.Nf3 Nc6
9.Qd3 g6 10.Nbd2 Bg7 11.Nb3 O-O 12.Nbd4 Ne4 13.e3 Bg4 14.O-O Qb6 15.Bd2 Nc5
16.Qc2 Rfc8 17.Bc3 Ne4 18.Qd3 Bxf3 19.Nxf3 Nxc3 20.bxc3 Qc5 21.Nd4 Ne5 22.Qb5 Qxb5
23.Nxb5 Rc5 24.a4 Nc4 25.Rfd1 a6 26.Nd4 Nd6 27.Nb3 Rxc3 28.Bxd5 Rac8  1/2-1/2

[Event "30th Liechtenstein Open 2012"]
[Site "Triesen LIE"]
[Date "2012.05.13"]
[Round "3.1"]
[White "Cebalo,M"]
[Black "Ovsejevitsch,S"]
[Result "1/2-1/2"]
[WhiteElo "2437"]
[BlackElo "2572"]

1.c4 e5 2.g3 Nc6 3.Bg2 g6 4.Nc3 Bg7 5.d3 d6 6.e4 f5 7.Nge2 Nf6 8.O-O O-O
9.Nd5 Be6 10.Bg5 Qd7 11.Qd2 Nh5 12.exf5 Bxf5 13.b4 Rae8 14.b5 Nd8 15.Bxd8 Rxd8
16.Nb4 Rb8 17.Nc3 Bh3 18.f3 Be6 19.a4 c6 20.Rae1 Kh8 21.Ne4 Bg8 22.Rc1 a6
23.b6 a5 24.Na2 d5 25.cxd5 cxd5 26.Nc5 Qd6 27.d4 exd4 28.Qxa5 d3 29.Nxd3 Bd4+
30.Kh1 g5 31.Nf2 Qxb6 32.Qxb6 Bxb6 33.Rb1 Bd4 34.Rb4 Bc5 35.Rb2 b6 36.Nd3 Ra8
37.Nc3 Bd4 38.Rb3 Rfc8 39.Nb5 Bg7 40.Nd6 Rc3 41.Rxc3 Bxc3 42.f4 gxf4 43.Nxf4 Nxf4
44.Rxf4 Bd2 45.Rf5 Ra5 46.Nb7 Rxa4 47.Bxd5  1/2-1/2

[Event "Open Hradec Kralove 2012"]
[Site "Hradec Kralove CZE"]
[Date "2012.05.14"]
[Round "3"]
[White "Kubat,P"]
[Black "Rosko,L"]
[Result "0-1"]
[WhiteElo "1920"]
[BlackElo "2321"]

1.c4 e5 2.g3 c5 3.Bg2 Nc6 4.Nc3 Nge7 5.d3 d6 6.e4 Be6 7.Nge2 g6 8.Bg5 Bg7
9.O-O O-O 10.Nd5 f6 11.Be3 f5 12.Qd2 Qd7 13.f3 Rab8 14.Nxe7+ Qxe7 15.Nc3 Nd4
16.Rab1 Rf7 17.b3 f4 18.Bxd4 exd4 19.Nd5 Qg5 20.g4 h5 21.h3 hxg4 22.fxg4 Rbf8
23.Rf3 Bxd5 24.cxd5 Qd8 25.b4 b6 26.Bf1 Rc7 27.b5 Qe7 28.Qc2 Bh6 29.Qc4 Kh7
30.Rb2 Bg5 31.Rh2 Bh4 32.Bg2 Bg3 33.Rh1 Ra8 34.a4 a6 35.Bf1 Rca7 36.Be2 axb5
37.Qxb5 Rxa4 38.Rf1 Rb4 39.Qc6 Ra2 40.Bf3 Rbb2  0-1

[Event "30th Liechtenstein Open 2012"]
[Site "Triesen LIE"]
[Date "2012.05.14"]
[Round "4.3"]
[White "Poettinger,H"]
[Black "Farago,I"]
[Result "0-1"]
[WhiteElo "2227"]
[BlackElo "2500"]

1.c4 e5 2.g3 Nf6 3.Bg2 d5 4.cxd5 Nxd5 5.Nf3 Nc6 6.O-O Be7 7.d4 e4 8.Ne5 f5
9.Nxc6 bxc6 10.Qa4 Qd6 11.Nd2 Nb6 12.Qc2 Qxd4 13.Rd1 Qc5 14.Qxc5 Bxc5 15.Nb3 Bd6
16.Na5 Ba6 17.Bf1 c5 18.Bf4 O-O-O 19.b3 Bxf4 20.gxf4 Rd6 21.Rdc1 Rhd8 22.Rxc5 Rd1
23.Rxd1 Rxd1 24.Nc4 Nxc4 25.bxc4 g6 26.a4 Ra1 27.a5 Kd7 28.f3 exf3 29.e4 fxe4
30.Kf2 e3+  0-1